| 000 | 00769nam a2200241 u 4500 | ||
|---|---|---|---|
| 005 | 20230110063532.0 | ||
| 008 | 100524s2002 r 000 0 eng d | ||
| 020 | _a8489804036 | ||
| 035 | _aUPN01000176072 | ||
| 049 | _aCG | ||
| 050 | 4 |
_aQ173 _bL4.4 2002 |
|
| 100 | 1 | _aLenz, Nikolaus | |
| 245 | 1 | 3 |
_aEl libro de las 1,000 preguntas y respuestas / _cNikolaus Lenz ; tr. J. Iglesias Martín. |
| 250 | _a2a ed. | ||
| 260 |
_aSalamanca, Esp. : _bLóguez Lector Joven, _c2002. |
||
| 300 | _a337 p. | ||
| 440 | 0 | _aLector joven | |
| 534 |
_pTraducción de: _tDas buch der 1000 Fragen und Antworten |
||
| 650 | 4 |
_aPREGUNTAS Y RESPUESTAS - _xCIENCIA _916725 |
|
| 650 | 4 |
_aPREGUNTAS Y RESPUESTAS _95370 |
|
| 650 | 2 |
_aCiencia _vLiteratura juvenil _96801 |
|
| 905 | _aLibro | ||
| 999 |
_c148175 _d148175 |
||